| 000 | 00450nam a22001697a 4500 | ||
|---|---|---|---|
| 003 | CEME | ||
| 005 | 20210628205301.0 | ||
| 008 | 210225b xxu||||| |||| 00| 0 eng d | ||
| 040 | _c. | ||
| 082 | _a297.63 ASA'R | ||
| 100 |
_aGilani, Asad Ahmad _974757 |
||
| 245 | _aRasool-e-akram ka peghaam | ||
| 260 |
_aRAWALPINDI _bFERIOZ SONS _c1992 |
||
| 300 | _a487P | ||
| 650 |
_aISLAM-BIOGRAPHY-PROPHET MUHAMMAD PEACE BE UPON HIM _9876 |
||
| 942 |
_cBK _2ddc |
||
| 999 |
_c580257 _d580257 |
||